Nuevas exigencias a la educación superior en América Latina /
sin resumen
Guardat en:
| Autor principal: | |
|---|---|
| Format: | Text |
| Etiquetes: |
Afegir etiqueta
Sense etiquetes, Sigues el primer a etiquetar aquest registre!
|
MARC
| LEADER | 00000 a a2200000 04500 | ||
|---|---|---|---|
| 001 | 16226 | ||
| 003 | |||
| 040 | |||
| 100 | |a García Guadilla, Carmen | ||
| 245 | |a Nuevas exigencias a la educación superior en América Latina / |c Carmen García Guadilla | ||
| 520 | |a sin resumen | ||
| 773 | |g volumen 1, número 1; páginas 61-74 | ||
| 999 | |c 22580 |d 22580 | ||
| 773 | 0 | |0 43526 |9 5074 |a Centro Regional para la Educación Superior en América Latina y el Caribe |d Caracas, Venezuela: CRESALC; UNESCO, |o MFN: 1466 |t Revista de Educación Superior y Sociedad / |x 07981228 | |
